00772nam a22002297a 4500003000900000005001700009008003500026020003000061040002200091082002000113100002200133245008800155260003300243300002300276505001900299505002500318650002600343942001200369945002800381952011600409999001700525DO-SdBNP20180403100837.0171031b 2005 00| 0 spa d a 8449429153 obra completa aBPMSUbspacBPMSU 4a370.114bS211d 1 aSánchez, Isidro10aDescubrir actividades experimentales para aprender los valores /cIsidro Sánchez. aBarcelona :bOceano, c2005. a2v.,bil.;c28 cm.0 gv.1.tComo es?0 gv.2.tComo funciona? 4aVALORES (FILOSOFÍA) 2ddccBK ainventariado, 2018 / DG 00102ddc40708CI-GaBPMETbBPMETd2017-10-31l0o370.114 S211dpBPMSU17100185r2017-10-31w2017-10-31yBK c12729d12729